000 00359nam a2200133Ia 4500
008 230411s9999 xx 000 0 und d
041 _aeng
082 _aAD/610.6/KAU/B07359
100 _aKaur Kamaljit
245 _aTextbook of Nursing Management and Services
260 _bJaypee Brothers
_aNew Delhi
_c2013
300 _a360p
999 _c157489
_d157489